000 00645cam a22002173a 4500
001 6131
003 PGUSA
005 20140828083128.0
008 040701s2004||||xxu|||||s|||||000 | eng d
040 _aPGUSA
_beng
042 _adc
050 4 _aQE
245 1 0 _aWonders of Creation :
_bA Descriptive Account of Volcanoes and Their Phenomena
_h[electronic resource] /
_cAnonymous
260 _bProject Gutenberg,
_c2004
506 _aPublic domain in the USA.
516 _aElectronic text
653 _aVolcanoes -- Juvenile literature
830 0 _aProject Gutenberg
_v6131
856 4 0 _uhttp://www.gutenberg.org/ebooks/6131
942 _cEB
999 _c235459
_d235459